365 câu trả lời về tổ chức cơ sở Đảng và Đảng viên

Uloženo v:
Podrobná bibliografie
Médium: Kniha
Jazyk:Undetermined
Vydáno: H. CTQG 2003
Témata:
Tagy: Přidat tag
Žádné tagy, Buďte první, kdo otaguje tento záznam!
Thư viện lưu trữ: Trung tâm Học liệu Trường Đại học Cần Thơ
LEADER 00477nam a2200169Ia 4500
001 CTU_55499
008 210402s9999 xx 000 0 und d
020 |b 55000 
082 |a 324.2597075 
082 |b B100 
245 0 |a 365 câu trả lời về tổ chức cơ sở Đảng và Đảng viên 
260 |a H. 
260 |b CTQG 
260 |c 2003 
650 |a communist parties 
650 |z vietnam 
980 |a Trung tâm Học liệu Trường Đại học Cần Thơ